<?xml version="1.0" encoding="UTF-8"?>
<record
    xmlns:xsi="http://www.w3.org/2001/XMLSchema-instance"
    xsi:schemaLocation="http://www.loc.gov/MARC21/slim http://www.loc.gov/standards/marcxml/schema/MARC21slim.xsd"
    xmlns="http://www.loc.gov/MARC21/slim">

  <leader>01240nam a22002657a 4500</leader>
  <controlfield tag="005">20170324122730.0</controlfield>
  <controlfield tag="008">140714b        xxu||||| |||| 00| 0 Urdu d</controlfield>
  <datafield tag="010" ind1=" " ind2=" ">
    <subfield code="a">UR-259   B-548298-301  B-665941</subfield>
  </datafield>
  <datafield tag="020" ind1=" " ind2=" ">
    <subfield code="c">300.00   </subfield>
    <subfield code="a">9789381029046</subfield>
  </datafield>
  <datafield tag="035" ind1=" " ind2=" ">
    <subfield code="a">U-259   B-548298-301  B-665941</subfield>
  </datafield>
  <datafield tag="037" ind1=" " ind2=" ">
    <subfield code="b">BPPD/Publishers/Venders</subfield>
  </datafield>
  <datafield tag="037" ind1=" " ind2=" ">
    <subfield code="b">Star Publications(Vend.)/Arshia Publications(Pub.)</subfield>
  </datafield>
  <datafield tag="040" ind1=" " ind2=" ">
    <subfield code="a">DPL</subfield>
    <subfield code="b">Urdu</subfield>
  </datafield>
  <datafield tag="082" ind1=" " ind2=" ">
    <subfield code="a">&#x646;</subfield>
  </datafield>
  <datafield tag="100" ind1=" " ind2=" ">
    <subfield code="a">&#x645;&#x62A;&#x631; &#x62C;&#x645; :&#x641;&#x627; &#x631; &#x648; &#x642; &#x627; &#x646;&#x635;&#x627; &#x631; &#x6CC;</subfield>
  </datafield>
  <datafield tag="245" ind1=" " ind2=" ">
    <subfield code="a"> &#x631; &#x64A;&#x62A;  : &#x646;&#x627; &#x648; &#x644;</subfield>
    <subfield code="c">&#x645;&#x62A;&#x631; &#x62C;&#x645; :&#x641;&#x627; &#x631; &#x648; &#x642; &#x627; &#x646;&#x635;&#x627; &#x631; &#x6CC;</subfield>
  </datafield>
  <datafield tag="246" ind1=" " ind2=" ">
    <subfield code="a"> Ret ( Novel)</subfield>
    <subfield code="b">Translated by Faruq Ansari</subfield>
  </datafield>
  <datafield tag="260" ind1=" " ind2=" ">
    <subfield code="b">Arshia  Publictions</subfield>
    <subfield code="b">Star Publications.( Vender)</subfield>
    <subfield code="c">2011</subfield>
  </datafield>
  <datafield tag="260" ind1=" " ind2=" ">
    <subfield code="a">4/5Asaf Ali Road,New Delhi-110002</subfield>
  </datafield>
  <datafield tag="270" ind1=" " ind2=" ">
    <subfield code="a">A-170,Ground  Floor, 3,Surya Apartment, Dilshad Colony,</subfield>
    <subfield code="b">  &#x62F;&#x6BE;&#x644;&#x6CC;</subfield>
    <subfield code="e">110095</subfield>
    <subfield code="k">9971775969</subfield>
  </datafield>
  <datafield tag="300" ind1=" " ind2=" ">
    <subfield code="a">297&#x635;</subfield>
    <subfield code="c">22Cm(Pb)</subfield>
  </datafield>
  <datafield tag="942" ind1=" " ind2=" ">
    <subfield code="2">ddc</subfield>
    <subfield code="c">UR</subfield>
    <subfield code="m"> &#x627; &#x646; &#x635;</subfield>
    <subfield code="h"> &#x646;</subfield>
  </datafield>
  <datafield tag="999" ind1=" " ind2=" ">
    <subfield code="c">87807</subfield>
    <subfield code="d">87807</subfield>
  </datafield>
  <datafield tag="952" ind1=" " ind2=" ">
    <subfield code="0">0</subfield>
    <subfield code="1">0</subfield>
    <subfield code="2">ddc</subfield>
    <subfield code="4">0</subfield>
    <subfield code="7">0</subfield>
    <subfield code="8">FIC</subfield>
    <subfield code="a">L</subfield>
    <subfield code="b">L</subfield>
    <subfield code="d">2014-12-17</subfield>
    <subfield code="e">BPPD/UR/2014-15/127/1.8.14/SP/3597/6.8.14/2.9.14</subfield>
    <subfield code="g">300.00</subfield>
    <subfield code="l">3</subfield>
    <subfield code="o">&#x646;  &#x627; &#x646; &#x635;</subfield>
    <subfield code="p">B-548298</subfield>
    <subfield code="r">2018-03-31 00:00:00</subfield>
    <subfield code="s">2018-03-17</subfield>
    <subfield code="t">1</subfield>
    <subfield code="v">300.00</subfield>
    <subfield code="w">2014-12-17</subfield>
    <subfield code="y">UR</subfield>
  </datafield>
  <datafield tag="952" ind1=" " ind2=" ">
    <subfield code="0">0</subfield>
    <subfield code="1">0</subfield>
    <subfield code="2">ddc</subfield>
    <subfield code="4">0</subfield>
    <subfield code="7">0</subfield>
    <subfield code="8">FIC</subfield>
    <subfield code="a">BL1</subfield>
    <subfield code="b">BL1</subfield>
    <subfield code="d">2014-12-17</subfield>
    <subfield code="e">BPPD/UR/2014-15/127/1.8.14/SP/3597/6.8.14/2.9.14</subfield>
    <subfield code="g">300.00</subfield>
    <subfield code="l">0</subfield>
    <subfield code="o">&#x646;  &#x627; &#x646; &#x635;</subfield>
    <subfield code="p">B-548299</subfield>
    <subfield code="r">2014-12-17 00:00:00</subfield>
    <subfield code="t">1</subfield>
    <subfield code="v">300.00</subfield>
    <subfield code="y">UR</subfield>
  </datafield>
  <datafield tag="952" ind1=" " ind2=" ">
    <subfield code="0">0</subfield>
    <subfield code="1">0</subfield>
    <subfield code="2">ddc</subfield>
    <subfield code="4">0</subfield>
    <subfield code="7">0</subfield>
    <subfield code="8">FIC</subfield>
    <subfield code="a">ZLS</subfield>
    <subfield code="b">ZLS</subfield>
    <subfield code="d">2014-12-17</subfield>
    <subfield code="e">BPPD/UR/2014-15/127/1.8.14/SP/3597/6.8.14/2.9.14</subfield>
    <subfield code="g">300.00</subfield>
    <subfield code="l">0</subfield>
    <subfield code="o">&#x646;  &#x627; &#x646; &#x635;</subfield>
    <subfield code="p">B-548300</subfield>
    <subfield code="r">2014-12-17 00:00:00</subfield>
    <subfield code="t">1</subfield>
    <subfield code="v">300.00</subfield>
    <subfield code="y">UR</subfield>
  </datafield>
  <datafield tag="952" ind1=" " ind2=" ">
    <subfield code="0">0</subfield>
    <subfield code="1">0</subfield>
    <subfield code="2">ddc</subfield>
    <subfield code="4">0</subfield>
    <subfield code="7">0</subfield>
    <subfield code="8">FIC</subfield>
    <subfield code="a">BL4</subfield>
    <subfield code="b">BL4</subfield>
    <subfield code="d">2014-12-17</subfield>
    <subfield code="e">BPPD/UR/2014-15/127/1.8.14/SP/3597/6.8.14/2.9.14</subfield>
    <subfield code="g">300.00</subfield>
    <subfield code="l">0</subfield>
    <subfield code="o">&#x646;  &#x627; &#x646; &#x635;</subfield>
    <subfield code="p">B-548301</subfield>
    <subfield code="r">2014-12-17 00:00:00</subfield>
    <subfield code="t">1</subfield>
    <subfield code="v">300.00</subfield>
    <subfield code="y">UR</subfield>
  </datafield>
  <datafield tag="952" ind1=" " ind2=" ">
    <subfield code="0">0</subfield>
    <subfield code="1">0</subfield>
    <subfield code="2">ddc</subfield>
    <subfield code="4">0</subfield>
    <subfield code="7">0</subfield>
    <subfield code="8">FIC</subfield>
    <subfield code="a">AV</subfield>
    <subfield code="b">AV</subfield>
    <subfield code="d">2017-03-24</subfield>
    <subfield code="e">BPPD/UR/2014-15/AV/16-17/657/SP/2267/27.2.17/8.3.17</subfield>
    <subfield code="g">300.00</subfield>
    <subfield code="l">0</subfield>
    <subfield code="o">&#x646;  &#x627; &#x646; &#x635;</subfield>
    <subfield code="p">B-665941</subfield>
    <subfield code="r">2017-03-24 00:00:00</subfield>
    <subfield code="t">1</subfield>
    <subfield code="v">300.00</subfield>
    <subfield code="w">2017-03-24</subfield>
    <subfield code="y">UR</subfield>
  </datafield>
</record>
